000 00352nam a2200121Ia 4500
008 170224s9999 xx 000 0 und d
245 _aIdentification and team-based interprofessional management of hospitalized vulnerable older adults
260 _bNursing Outlook
260 _c2016
300 _a64:2
500 _aMarch April
650 _xNursing.
999 _c317030
_d317030